[Event "Moscow Open 2016 A"]
[Site "?"]
[Date "2016.01.30"]
[Round "1.1"]
[White "Korobov, Anton"]
[Black "Afanasiev, Nikita"]
[Result "1-0"]
[BlackElo "2335"]
[WhiteElo "2710"]
[LiveChessVersion "1.4.7"]

1. d4 {[%clk 1:30:57]} Nf6 {[%clk 1:30:51]} 2. Nf3 {[%clk 1:31:19]} g6
{[%clk 1:31:08]} 3. c4 {[%clk 1:31:40]} Bg7 {[%clk 1:31:34]} 4. Nc3
{[%clk 1:32:04]} O-O {[%clk 1:31:56]} 5. g3 {[%clk 1:32:27]} d6 {[%clk 1:31:55]}
6. Bg2 {[%clk 1:32:49]} Nc6 {[%clk 1:32:05]} 7. O-O {[%clk 1:33:10]} a6
{[%clk 1:32:10]} 8. d5 {[%clk 1:33:18]} Na5 {[%clk 1:32:25]} 9. Nd2
{[%clk 1:33:34]} c5 {[%clk 1:32:48]} 10. Qc2 {[%clk 1:33:50]} Rb8
{[%clk 1:31:16]} 11. a4 {[%clk 1:34:07]} e5 {[%clk 1:29:47]} 12. b3
{[%clk 1:30:57]} b6 {[%clk 1:26:52]} 13. e4 {[%clk 1:28:37]} Nb7 {[%clk 1:25:01]}
14. Bb2 {[%clk 1:26:50]} Nh5 {[%clk 1:17:22]} 15. Rae1 {[%clk 1:18:38]} Bd7
{[%clk 1:09:21]} 16. Ne2 {[%clk 1:08:59]} Qc7 {[%clk 0:57:40]} 17. f4
{[%clk 1:07:49]} f5 {[%clk 0:58:04]} 18. Nf3 {[%clk 1:01:20]} Rbe8
{[%clk 0:52:34]} 19. Ng5 {[%clk 0:57:41]} exf4 {[%clk 0:24:55]} 20. Bxg7
{[%clk 0:53:44]} Nxg7 {[%clk 0:25:07]} 21. Nxf4 {[%clk 0:54:05]} Nd8
{[%clk 0:25:03]} 22. Qc3 {[%clk 0:50:32]} Bc8 {[%clk 0:23:03]} 23. h4
{[%clk 0:44:14]} fxe4 {[%clk 0:12:43]} 24. Nxe4 {[%clk 0:42:30]} Re5
{[%clk 0:11:44]} 25. Nd3 {[%clk 0:33:29]} Ref5 {[%clk 0:11:47]} 26. g4
{[%clk 0:32:29]} Rxf1+ {[%clk 0:11:28]} 27. Bxf1 {[%clk 0:32:40]} Ne8
{[%clk 0:11:18]} 28. g5 {[%clk 0:30:10]} Qg7 {[%clk 0:09:44]} 29. Qxg7+
{[%clk 0:27:01]} Kxg7 {[%clk 0:10:11]} 30. Kg2 {[%clk 0:24:56]} Bd7
{[%clk 0:07:08]} 31. Kg3 {[%clk 0:23:39]} Rf7 {[%clk 0:07:30]} 32. Nf4
{[%clk 0:13:36]} Re7 {[%clk 0:07:47]} 33. h5 {[%clk 0:13:21]} Nf7
{[%clk 0:06:54]} 34. h6+ {[%clk 0:10:54]} Kf8 {[%clk 0:07:18]} 35. Re2
{[%clk 0:07:11]} Bf5 {[%clk 0:06:16]} 36. Bg2 {[%clk 0:07:28]} Re5
{[%clk 0:05:46]} 37. Nd3 {[%clk 0:05:16]} Re7 {[%clk 0:06:11]} 38. Kh4
{[%clk 0:04:35]} Nc7 {[%clk 0:03:59]} 39. Ndf2 {[%clk 0:03:30]} Ne8
{[%clk 0:03:47]} 40. Ng4 {[%clk 0:32:11]} Bxe4 {[%clk 0:32:33]} 41. Bxe4
{[%clk 0:29:19]} a5 {[%clk 0:32:43]} 42. Nh2 {[%clk 0:27:57]} Ne5
{[%clk 0:32:59]} 43. Kg3 {[%clk 0:27:56]} Rf7 {[%clk 0:32:59]} 44. Re1
{[%clk 0:24:19]} Re7 {[%clk 0:33:14]} 45. Rf1+ {[%clk 0:22:08]} Kg8
{[%clk 0:33:27]} 46. Bg2 {[%clk 0:21:22]} Nc7 {[%clk 0:33:13]} 47. Bh3
{[%clk 0:19:54]} Nf7 {[%clk 0:33:24]} 48. Kf4 {[%clk 0:16:53]} Ne5
{[%clk 0:33:27]} 49. Rd1 {[%clk 0:16:47]} Rf7+ {[%clk 0:33:13]} 50. Kg3
{[%clk 0:16:35]} Re7 {[%clk 0:33:25]} 51. Re1 {[%clk 0:10:52]} Kf8
{[%clk 0:33:37]} 52. Be6 {[%clk 0:09:15]} Nxe6 {[%clk 0:23:22]} 53. dxe6
{[%clk 0:09:41]} Ke8 {[%clk 0:23:30]} 54. Re3 {[%clk 0:09:05]} Rxe6
{[%clk 0:20:50]} 55. Ng4 {[%clk 0:08:57]} Re7 {[%clk 0:20:53]} 56. Nf6+
{[%clk 0:09:10]} Kd8 {[%clk 0:20:14]} 57. Re2 {[%clk 0:06:41]} Rf7
{[%clk 0:19:55]} 58. Rf2 {[%clk 0:04:10]} Nd7 {[%clk 0:04:17]} 59. Nd5
{[%clk 0:03:58]} Rxf2 {[%clk 0:04:40]} 60. Kxf2 {[%clk 0:04:26]} Ke8
{[%clk 0:05:04]} 61. Ke3 {[%clk 0:04:27]} Kf7 {[%clk 0:05:29]} 62. Ke4
{[%clk 0:04:21]} Ke6 {[%clk 0:05:32]} 63. Nf4+ {[%clk 0:03:17]} Ke7
{[%clk 0:05:55]} 64. Nxg6+ {[%clk 0:03:25]} Kf7 {[%clk 0:05:34]} 65. Nf4
{[%clk 0:03:03]} Ne5 {[%clk 0:05:57]} 66. Kd5 {[%clk 0:03:08]} Nf3
{[%clk 0:05:57]} 67. Kxd6 {[%clk 0:02:42]} Nxg5 {[%clk 0:05:03]} 68. Kc6
{[%clk 0:03:03]} Ne4 {[%clk 0:05:20]} 69. Kxb6 {[%clk 0:03:25]} Nd2
{[%clk 0:05:45]} 70. Kxa5 {[%clk 0:03:55]} Nxb3+ {[%clk 0:06:42]} 71. Kb6
{[%clk 0:03:58]} Kf6 {[%clk 0:06:56]} 72. a5 {[%clk 0:04:00]} 1-0

[Event "Moscow Open 2016 A"]
[Site "?"]
[Date "2016.01.30"]
[Round "1.2"]
[White "Maximov, Oleg"]
[Black "Inarkiev, Ernesto"]
[Result "0-1"]
[BlackElo "2676"]
[WhiteElo "2333"]
[LiveChessVersion "1.4.7"]

1. e4 {[%clk 1:30:46]} c5 {[%clk 1:30:07]} 2. Ne2 {[%clk 1:30:51]} Nf6
{[%clk 1:30:23]} 3. Nbc3 {[%clk 1:31:15]} d6 {[%clk 1:30:43]} 4. d4
{[%clk 1:31:40]} cxd4 {[%clk 1:30:35]} 5. Nxd4 {[%clk 1:32:06]} a6
{[%clk 1:31:00]} 6. g3 {[%clk 1:32:26]} e5 {[%clk 1:26:14]} 7. Nde2
{[%clk 1:32:40]} Be7 {[%clk 1:26:36]} 8. Bg2 {[%clk 1:32:58]} b5 {[%clk 1:25:49]}
9. h3 {[%clk 1:30:40]} Nbd7 {[%clk 1:22:38]} 10. g4 {[%clk 1:28:09]} b4
{[%clk 1:20:04]} 11. Nd5 {[%clk 1:28:23]} Nxd5 {[%clk 1:20:10]} 12. exd5
{[%clk 1:24:59]} a5 {[%clk 1:17:56]} 13. a3 {[%clk 1:16:36]} Ba6 {[%clk 1:10:08]}
14. O-O {[%clk 1:13:41]} O-O {[%clk 1:07:56]} 15. Re1 {[%clk 1:09:30]} Nc5
{[%clk 0:57:01]} 16. Be3 {[%clk 1:01:33]} Qc7 {[%clk 0:52:58]} 17. axb4
{[%clk 0:56:40]} axb4 {[%clk 0:53:17]} 18. Ng3 {[%clk 0:56:45]} Rfc8
{[%clk 0:47:50]} 19. b3 {[%clk 0:51:37]} Nd7 {[%clk 0:45:23]} 20. Be4
{[%clk 0:50:10]} Nf6 {[%clk 0:34:55]} 21. Bf5 {[%clk 0:49:36]} Bb7
{[%clk 0:35:22]} 22. Bxc8 {[%clk 0:40:11]} Rxc8 {[%clk 0:35:49]} 23. Ra7
{[%clk 0:13:28]} Ra8 {[%clk 0:31:29]} 24. Rxa8+ {[%clk 0:10:45]} Bxa8
{[%clk 0:31:54]} 25. Qa1 {[%clk 0:07:55]} Bb7 {[%clk 0:26:53]} 26. Qa4
{[%clk 0:04:55]} Nxd5 {[%clk 0:26:28]} 27. Nf5 {[%clk 0:04:40]} Bf8
{[%clk 0:26:26]} 28. Ra1 {[%clk 0:02:23]} g6 {[%clk 0:12:29]} 29. Nh6+
{[%clk 0:02:15]} Kg7 {[%clk 0:12:51]} 30. Bg5 {[%clk 0:02:29]} f6
{[%clk 0:03:37]} 31. Bc1 {[%clk 0:02:48]} Nc3 {[%clk 0:01:56]} 32. Qe8
{[%clk 0:02:13]} Bc6 {[%clk 0:00:54]} 33. Qe6 {[%clk 0:01:59]} Bd5
{[%clk 0:01:13]} 34. Qe8 {[%clk 0:02:20]} Ne2+ {[%clk 0:01:12]} 35. Kh2
{[%clk 0:01:44]} Nxc1 {[%clk 0:01:24]} 36. Rxc1 {[%clk 0:01:58]} Bc6
{[%clk 0:00:39]} 37. Qe6 {[%clk 0:02:11]} Kxh6 {[%clk 0:00:44]} 38. Qxf6
{[%clk 0:02:25]} Qe7 {[%clk 0:00:47]} 39. g5+ {[%clk 0:01:59]} Kh5
{[%clk 0:01:13]} 40. c3 {[%clk 0:32:21]} Qxf6 {[%clk 0:30:39]} 41. gxf6
{[%clk 0:32:46]} Bh6 {[%clk 0:25:56]} 42. f7 {[%clk 0:32:38]} Bd5
{[%clk 0:20:52]} 43. cxb4 {[%clk 0:32:50]} Bxf7 {[%clk 0:21:20]} 44. Rc7
{[%clk 0:33:00]} Be8 {[%clk 0:19:14]} 45. Rxh7 {[%clk 0:31:42]} d5
{[%clk 0:18:46]} 46. Kg3 {[%clk 0:31:17]} d4 {[%clk 0:17:46]} 47. f3
{[%clk 0:31:03]} d3 {[%clk 0:16:40]} 48. Kf2 {[%clk 0:31:31]} Bb5
{[%clk 0:11:07]} 49. Ke1 {[%clk 0:31:49]} Bc6 {[%clk 0:11:06]} 50. f4
{[%clk 0:28:14]} exf4 {[%clk 0:11:10]} 51. Rc7 {[%clk 0:28:27]} Be4
{[%clk 0:05:20]} 52. Kf2 {[%clk 0:17:44]} d2 {[%clk 0:04:33]} 53. Rd7
{[%clk 0:17:59]} f3 {[%clk 0:04:59]} 54. b5 {[%clk 0:18:12]} Bc2 {[%clk 0:03:47]}
0-1

[Event "Moscow Open 2016 A"]
[Site "?"]
[Date "2016.01.30"]
[Round "1.3"]
[White "Artemiev, Vladislav"]
[Black "Tolstikh, Nikolay"]
[Result "1-0"]
[BlackElo "2332"]
[WhiteElo "2673"]
[LiveChessVersion "1.4.7"]

1. Nf3 {[%clk 1:30:51]} c5 {[%clk 1:30:25]} 2. c4 {[%clk 1:31:02]} Nc6
{[%clk 1:29:45]} 3. Nc3 {[%clk 1:30:56]} Nf6 {[%clk 1:28:02]} 4. e3
{[%clk 1:28:54]} e6 {[%clk 1:23:53]} 5. d4 {[%clk 1:28:01]} d5 {[%clk 1:24:08]}
6. cxd5 {[%clk 1:27:42]} exd5 {[%clk 1:17:51]} 7. Bb5 {[%clk 1:27:50]} a6
{[%clk 1:12:42]} 8. Bxc6+ {[%clk 1:24:47]} bxc6 {[%clk 1:13:06]} 9. O-O
{[%clk 1:23:35]} Bd6 {[%clk 1:12:55]} 10. dxc5 {[%clk 1:22:07]} Bxc5
{[%clk 1:13:19]} 11. b3 {[%clk 1:22:06]} O-O {[%clk 1:12:40]} 12. Bb2
{[%clk 1:22:21]} Bg4 {[%clk 1:07:59]} 13. Rc1 {[%clk 1:18:09]} Ba7
{[%clk 1:03:09]} 14. Ne2 {[%clk 1:15:09]} Rc8 {[%clk 0:42:09]} 15. Ne5
{[%clk 1:04:59]} Qd6 {[%clk 0:41:24]} 16. Qd3 {[%clk 0:59:49]} a5
{[%clk 0:26:51]} 17. Ng3 {[%clk 0:55:35]} h5 {[%clk 0:02:32]} 18. Qa6
{[%clk 0:41:41]} h4 {[%clk 0:01:58]} 19. Qxa7 {[%clk 0:38:55]} hxg3
{[%clk 0:02:26]} 20. hxg3 {[%clk 0:36:58]} c5 {[%clk 0:02:18]} 21. Qxa5
{[%clk 0:37:08]} Ra8 {[%clk 0:01:54]} 22. Qxc5 {[%clk 0:37:15]} Qxc5
{[%clk 0:02:23]} 23. Rxc5 {[%clk 0:37:33]} Rxa2 {[%clk 0:02:50]} 24. Nxg4
{[%clk 0:37:09]} Rxb2 {[%clk 0:02:15]} 25. Nxf6+ {[%clk 0:37:27]} gxf6
{[%clk 0:02:44]} 26. Rxd5 {[%clk 0:37:36]} Rxb3 {[%clk 0:02:46]} 27. g4
{[%clk 0:37:52]} Kg7 {[%clk 0:02:22]} 28. g5 {[%clk 0:38:01]} Rfb8
{[%clk 0:01:09]} 29. g3 {[%clk 0:37:23]} Rb2 {[%clk 0:01:26]} 30. Rfd1
{[%clk 0:37:02]} Ra8 {[%clk 0:01:34]} 31. R1d4 {[%clk 0:35:21]} Ra6
{[%clk 0:01:14]} 32. Rf4 {[%clk 0:34:59]} fxg5 {[%clk 0:01:16]} 33. Rxg5+
{[%clk 0:35:21]} Kf8 {[%clk 0:01:41]} 34. Rgf5 {[%clk 0:34:51]} Ra7
{[%clk 0:01:58]} 35. Kg2 {[%clk 0:35:11]} Re7 {[%clk 0:02:15]} 36. Kf3
{[%clk 0:34:54]} Kg7 {[%clk 0:02:35]} 37. Rg5+ {[%clk 0:34:19]} Kf8
{[%clk 0:03:03]} 38. Ra4 {[%clk 0:33:38]} Rc7 {[%clk 0:03:09]} 39. Ra8+
{[%clk 0:32:47]} Ke7 {[%clk 0:03:37]} 40. Rf5 {[%clk 1:02:52]} Rb4
{[%clk 0:33:16]} 41. Rh8 {[%clk 1:02:07]} Rbc4 {[%clk 0:32:18]} 42. g4
{[%clk 0:59:11]} R7c5 {[%clk 0:30:19]} 43. Rxc5 {[%clk 0:59:26]} Rxc5
{[%clk 0:30:48]} 44. Kf4 {[%clk 0:59:13]} Kf6 {[%clk 0:31:09]} 45. e4
{[%clk 0:59:05]} Rc2 {[%clk 0:30:48]} 46. f3 {[%clk 0:59:25]} Rf2
{[%clk 0:31:35]} 47. e5+ {[%clk 0:59:19]} Ke7 {[%clk 0:31:22]} 48. Ra8
{[%clk 0:58:48]} Rf1 {[%clk 0:31:38]} 49. Ke4 {[%clk 0:58:56]} Ke6
{[%clk 0:29:37]} 50. Ra6+ {[%clk 0:59:15]} Ke7 {[%clk 0:30:05]} 51. f4
{[%clk 0:59:36]} Rg1 {[%clk 0:26:20]} 1-0

[Event "Moscow Open 2016 A"]
[Site "?"]
[Date "2016.01.30"]
[Round "1.4"]
[White "Ibadov, Dashgyn"]
[Black "Timofeev, Artyom"]
[Result "0-1"]
[BlackElo "2570"]
[WhiteElo "2332"]
[LiveChessVersion "1.4.7"]

1. e4 {[%clk 1:30:58]} c5 {[%clk 1:30:44]} 2. Nf3 {[%clk 1:31:20]} e6
{[%clk 1:30:15]} 3. d4 {[%clk 1:31:45]} cxd4 {[%clk 1:30:40]} 4. Nxd4
{[%clk 1:32:13]} Nc6 {[%clk 1:31:01]} 5. Nc3 {[%clk 1:31:56]} Qc7
{[%clk 1:31:14]} 6. Nxc6 {[%clk 1:29:55]} bxc6 {[%clk 1:30:33]} 7. Bd3
{[%clk 1:30:23]} Nf6 {[%clk 1:20:51]} 8. O-O {[%clk 1:29:01]} Be7
{[%clk 1:18:56]} 9. f4 {[%clk 1:25:20]} d5 {[%clk 1:18:33]} 10. Qe2
{[%clk 1:21:21]} O-O {[%clk 1:18:06]} 11. Kh1 {[%clk 1:11:05]} Bb7
{[%clk 1:17:02]} 12. b3 {[%clk 1:08:11]} c5 {[%clk 1:09:17]} 13. Bb2
{[%clk 0:55:57]} Rfc8 {[%clk 0:56:24]} 14. e5 {[%clk 0:53:07]} Nd7
{[%clk 0:56:06]} 15. Nb5 {[%clk 0:44:07]} Qc6 {[%clk 0:55:58]} 16. c4
{[%clk 0:42:42]} d4 {[%clk 0:51:19]} 17. Rae1 {[%clk 0:38:05]} a6
{[%clk 0:50:47]} 18. Na3 {[%clk 0:38:32]} Re8 {[%clk 0:50:44]} 19. Nb1
{[%clk 0:35:33]} Bh4 {[%clk 0:47:57]} 20. Rd1 {[%clk 0:34:53]} f5
{[%clk 0:48:05]} 21. Nd2 {[%clk 0:30:42]} a5 {[%clk 0:45:50]} 22. a4
{[%clk 0:25:09]} Nb8 {[%clk 0:34:01]} 23. Rf3 {[%clk 0:22:27]} Na6
{[%clk 0:32:27]} 24. Ba3 {[%clk 0:22:26]} Rf8 {[%clk 0:27:20]} 25. Rh3
{[%clk 0:21:05]} Be7 {[%clk 0:27:35]} 26. Qf1 {[%clk 0:19:52]} Rf7
{[%clk 0:24:38]} 27. Be2 {[%clk 0:18:57]} Rb8 {[%clk 0:22:15]} 28. Bf3
{[%clk 0:18:38]} Qc7 {[%clk 0:22:21]} 29. Bxb7 {[%clk 0:18:54]} Qxb7
{[%clk 0:22:47]} 30. Qd3 {[%clk 0:11:33]} g6 {[%clk 0:22:32]} 31. Rg1
{[%clk 0:09:43]} Rg7 {[%clk 0:21:39]} 32. Rf3 {[%clk 0:07:31]} g5
{[%clk 0:16:20]} 33. fxg5 {[%clk 0:07:04]} Bxg5 {[%clk 0:16:43]} 34. Nf1
{[%clk 0:03:24]} Qe4 {[%clk 0:15:58]} 35. Ng3 {[%clk 0:02:22]} Qxd3
{[%clk 0:13:28]} 36. Rxd3 {[%clk 0:02:51]} Rgb7 {[%clk 0:14:03]} 37. Rb1
{[%clk 0:02:38]} Bf4 {[%clk 0:14:17]} 38. Ne2 {[%clk 0:00:41]} Bxe5
{[%clk 0:14:37]} 39. Kg1 {[%clk 0:00:36]} Nb4 {[%clk 0:11:12]} 40. Rf3
{[%clk 0:30:35]} Bd6 {[%clk 0:38:52]} 41. Kf2 {[%clk 0:28:55]} Nc6
{[%clk 0:35:58]} 42. h3 {[%clk 0:24:58]} Kf7 {[%clk 0:35:13]} 43. Rd3
{[%clk 0:24:41]} Be7 {[%clk 0:33:24]} 0-1

[Event "Moscow Open 2016 A"]
[Site "?"]
[Date "2016.01.30"]
[Round "1.5"]
[White "Grachev, Boris"]
[Black "Mikhailov, Viacheslav"]
[Result "1-0"]
[BlackElo "2332"]
[WhiteElo "2652"]
[LiveChessVersion "1.4.7"]

1. d4 {[%clk 1:30:55]} Nf6 {[%clk 1:30:49]} 2. c4 {[%clk 1:31:05]} e6
{[%clk 1:30:58]} 3. Nf3 {[%clk 1:31:29]} b6 {[%clk 1:31:09]} 4. e3
{[%clk 1:31:34]} Bb7 {[%clk 1:30:49]} 5. Bd3 {[%clk 1:31:58]} Bb4+
{[%clk 1:29:39]} 6. Nbd2 {[%clk 1:32:01]} O-O {[%clk 1:29:45]} 7. O-O
{[%clk 1:32:14]} d5 {[%clk 1:28:30]} 8. a3 {[%clk 1:30:57]} Bd6 {[%clk 1:22:48]}
9. b4 {[%clk 1:27:01]} dxc4 {[%clk 1:06:16]} 10. Nxc4 {[%clk 1:26:45]} Ne4
{[%clk 1:05:43]} 11. Nfe5 {[%clk 1:18:17]} f5 {[%clk 1:00:53]} 12. f3
{[%clk 1:07:15]} Nf6 {[%clk 0:57:23]} 13. Qe2 {[%clk 1:01:01]} Be7
{[%clk 0:47:04]} 14. Bb2 {[%clk 0:59:19]} Nbd7 {[%clk 0:38:55]} 15. e4
{[%clk 0:44:41]} g6 {[%clk 0:29:59]} 16. exf5 {[%clk 0:34:31]} exf5
{[%clk 0:30:03]} 17. Nc6 {[%clk 0:34:43]} Bxc6 {[%clk 0:29:22]} 18. Qe6+
{[%clk 0:35:09]} Kg7 {[%clk 0:29:15]} 19. Qxc6 {[%clk 0:35:34]} Rc8
{[%clk 0:25:08]} 20. d5 {[%clk 0:28:08]} Nb8 {[%clk 0:22:19]} 21. Qe6
{[%clk 0:26:02]} Re8 {[%clk 0:21:32]} 22. Rae1 {[%clk 0:25:48]} Nbd7
{[%clk 0:08:21]} 23. Qc6 {[%clk 0:24:42]} Nb8 {[%clk 0:08:19]} 24. Qb7
{[%clk 0:22:28]} Kf8 {[%clk 0:07:54]} 25. d6 {[%clk 0:14:45]} cxd6
{[%clk 0:05:32]} 26. Bxf6 {[%clk 0:13:59]} Bxf6 {[%clk 0:04:07]} 27. Rxe8+
{[%clk 0:14:08]} Kxe8 {[%clk 0:02:51]} 28. Qxc8 {[%clk 0:11:44]} Qxc8
{[%clk 0:03:19]} 29. Nxd6+ {[%clk 0:12:06]} Kd8 {[%clk 0:03:44]} 30. Nxc8
{[%clk 0:12:32]} Kxc8 {[%clk 0:04:06]} 31. Rc1+ {[%clk 0:10:26]} Kd8
{[%clk 0:04:24]} 32. Rc2 {[%clk 0:08:42]} Be5 {[%clk 0:02:03]} 33. Bb5
{[%clk 0:06:55]} a6 {[%clk 0:02:18]} 34. Bc4 {[%clk 0:07:22]} a5 {[%clk 0:02:07]}
35. bxa5 {[%clk 0:07:14]} bxa5 {[%clk 0:02:34]} 36. Bg8 {[%clk 0:06:39]} f4
{[%clk 0:02:00]} 37. Bxh7 {[%clk 0:06:43]} g5 {[%clk 0:02:25]} 38. Kf1
{[%clk 0:06:22]} Bd6 {[%clk 0:02:41]} 39. a4 {[%clk 0:05:23]} Ke7
{[%clk 0:02:51]} 40. Rc8 {[%clk 0:33:41]} Nd7 {[%clk 0:32:48]} 41. Rg8
{[%clk 0:33:28]} Nb6 {[%clk 0:23:26]} 42. Rg7+ {[%clk 0:33:15]} Kf6
{[%clk 0:23:07]} 43. Rg6+ {[%clk 0:33:37]} Ke7 {[%clk 0:23:34]} 44. Rxg5
{[%clk 0:34:00]} 1-0

[Event "Moscow Open 2016 A"]
[Site "?"]
[Date "2016.01.30"]
[Round "1.7"]
[White "Khismatullin, Denis"]
[Black "Nyudleev, Dolgan"]
[Result "1-0"]
[BlackElo "2328"]
[WhiteElo "2626"]
[LiveChessVersion "1.4.7"]

1. Nf3 {[%clk 1:30:56]} Nf6 {[%clk 1:30:42]} 2. g3 {[%clk 1:31:22]} g6
{[%clk 1:30:08]} 3. Bg2 {[%clk 1:28:10]} Bg7 {[%clk 1:30:29]} 4. O-O
{[%clk 1:28:36]} O-O {[%clk 1:30:52]} 5. c4 {[%clk 1:29:04]} c6 {[%clk 1:30:28]}
6. b3 {[%clk 1:29:09]} Ne4 {[%clk 1:15:55]} 7. d4 {[%clk 1:27:29]} d5
{[%clk 1:16:20]} 8. Bb2 {[%clk 1:27:45]} Nd7 {[%clk 1:04:30]} 9. Nbd2
{[%clk 1:25:39]} Nxd2 {[%clk 0:49:32]} 10. Qxd2 {[%clk 1:19:46]} dxc4
{[%clk 0:36:39]} 11. bxc4 {[%clk 1:19:41]} e5 {[%clk 0:36:38]} 12. Rfd1
{[%clk 0:42:01]} exd4 {[%clk 0:29:52]} 13. Nxd4 {[%clk 0:42:19]} Qc7
{[%clk 0:25:11]} 14. Rab1 {[%clk 0:32:18]} Re8 {[%clk 0:19:21]} 15. Qb4
{[%clk 0:16:30]} a6 {[%clk 0:13:01]} 16. c5 {[%clk 0:14:12]} a5 {[%clk 0:09:36]}
17. Qc3 {[%clk 0:11:00]} Qe5 {[%clk 0:05:11]} 18. Rdc1 {[%clk 0:06:07]} Bf8
{[%clk 0:03:14]} 19. Qd2 {[%clk 0:05:28]} Qc7 {[%clk 0:01:54]} 20. Nf5
{[%clk 0:04:35]} Ne5 {[%clk 0:01:07]} 21. Nd6 {[%clk 0:04:10]} Re7
{[%clk 0:01:06]} 22. f4 {[%clk 0:01:41]} Ng4 {[%clk 0:01:02]} 23. Qd4
{[%clk 0:01:46]} f6 {[%clk 0:01:17]} 24. h3 {[%clk 0:02:06]} Ne3 {[%clk 0:01:24]}
25. Be4 {[%clk 0:01:09]} Nd5 {[%clk 0:00:52]} 26. Bxd5+ {[%clk 0:01:06]} cxd5
{[%clk 0:01:21]} 27. Qxf6 {[%clk 0:01:19]} Bg7 {[%clk 0:01:36]} 28. Qg5
{[%clk 0:01:14]} Rxe2 {[%clk 0:01:15]} 29. Bxg7 {[%clk 0:01:16]} Kxg7
{[%clk 0:00:58]} 30. Rb2 {[%clk 0:00:47]} Re3 {[%clk 0:00:33]} 31. f5
{[%clk 0:00:53]} Qe7 {[%clk 0:00:33]} 32. f6+ {[%clk 0:00:55]} Qxf6
{[%clk 0:00:55]} 33. Qxe3 {[%clk 0:01:22]} Qxb2 {[%clk 0:01:23]} 34. Qe7+
{[%clk 0:01:31]} Kh6 {[%clk 0:01:29]} 35. Nf7+ {[%clk 0:01:40]} Kg7
{[%clk 0:01:57]} 36. Ng5+ {[%clk 0:01:19]} Kh6 {[%clk 0:02:20]} 37. Qxh7+
{[%clk 0:01:34]} Kxg5 {[%clk 0:02:47]} 38. Qh4+ {[%clk 0:01:50]} Kf5
{[%clk 0:03:09]} 39. Qf4+ {[%clk 0:02:15]} Ke6 {[%clk 0:03:13]} 40. Re1+
{[%clk 0:32:43]} 1-0

[Event "Moscow Open 2016 A"]
[Site "?"]
[Date "2016.01.30"]
[Round "1.8"]
[White "Oganisian, Roman"]
[Black "Kokarev, Dmitry"]
[Result "0-1"]
[BlackElo "2619"]
[WhiteElo "2328"]
[LiveChessVersion "1.4.7"]

1. d4 {[%clk 1:30:54]} Nf6 {[%clk 1:30:51]} 2. c4 {[%clk 1:30:26]} g6
{[%clk 1:31:13]} 3. Nc3 {[%clk 1:29:31]} Bg7 {[%clk 1:31:33]} 4. Bf4
{[%clk 1:26:48]} O-O {[%clk 1:31:47]} 5. e3 {[%clk 1:26:09]} d6 {[%clk 1:29:40]}
6. h3 {[%clk 1:26:17]} c5 {[%clk 1:28:57]} 7. d5 {[%clk 1:20:07]} b5
{[%clk 1:28:17]} 8. g4 {[%clk 1:11:19]} Qa5 {[%clk 1:22:45]} 9. f3
{[%clk 1:02:42]} bxc4 {[%clk 1:15:54]} 10. Qd2 {[%clk 0:59:57]} Nbd7
{[%clk 1:11:20]} 11. e4 {[%clk 0:58:34]} Ba6 {[%clk 1:05:15]} 12. Nge2
{[%clk 0:52:32]} Rab8 {[%clk 0:55:34]} 13. h4 {[%clk 0:49:53]} Rb6
{[%clk 0:44:59]} 14. h5 {[%clk 0:47:56]} Rfb8 {[%clk 0:40:01]} 15. Rb1
{[%clk 0:46:36]} Ne5 {[%clk 0:40:02]} 16. Bxe5 {[%clk 0:45:30]} dxe5
{[%clk 0:40:27]} 17. hxg6 {[%clk 0:34:40]} hxg6 {[%clk 0:40:48]} 18. Nd1
{[%clk 0:33:03]} Qxa2 {[%clk 0:36:58]} 19. Nec3 {[%clk 0:32:25]} Qa5
{[%clk 0:37:23]} 20. Ne3 {[%clk 0:29:57]} Rb3 {[%clk 0:35:13]} 21. Kf2
{[%clk 0:15:51]} R8b4 {[%clk 0:32:26]} 22. Be2 {[%clk 0:15:22]} Qb6
{[%clk 0:31:20]} 23. Nc2 {[%clk 0:11:26]} Ne8 {[%clk 0:24:15]} 24. Kg2
{[%clk 0:10:49]} Nd6 {[%clk 0:24:32]} 25. Nxb4 {[%clk 0:06:14]} cxb4
{[%clk 0:24:55]} 26. Na4 {[%clk 0:05:46]} Qd4 {[%clk 0:19:56]} 27. Qc2
{[%clk 0:03:00]} Bb5 {[%clk 0:19:35]} 28. Rhd1 {[%clk 0:02:45]} Qe3
{[%clk 0:19:48]} 29. Ra1 {[%clk 0:02:53]} Bh6 {[%clk 0:18:50]} 30. Re1
{[%clk 0:02:49]} Bd7 {[%clk 0:17:15]} 31. Rf1 {[%clk 0:02:20]} Bxg4
{[%clk 0:16:36]} 32. Rf2 {[%clk 0:01:50]} Bd7 {[%clk 0:13:36]} 33. Bxc4
{[%clk 0:01:55]} Qg5+ {[%clk 0:13:51]} 34. Kh1 {[%clk 0:01:49]} Qh5+
{[%clk 0:11:04]} 35. Rh2 {[%clk 0:02:06]} Qxf3+ {[%clk 0:11:27]} 36. Qg2
{[%clk 0:02:26]} Qxg2+ {[%clk 0:11:24]} 37. Kxg2 {[%clk 0:02:48]} Nxc4
{[%clk 0:11:46]} 38. Rxh6 {[%clk 0:03:11]} Bxa4 {[%clk 0:11:32]} 39. Rxa4
{[%clk 0:03:33]} Rxb2+ {[%clk 0:11:58]} 40. Kg3 {[%clk 0:33:45]} a5
{[%clk 0:42:12]} 41. Rh1 {[%clk 0:33:44]} Re2 {[%clk 0:41:58]} 0-1